000 00258nam a2200109Ia 4500
008 220204s9999 xx 000 0 und d
082 _a82-3
_bWOD
100 _aWodehouse, P G
245 0 _aLeave it to Psmith
260 _aEngland
_bPenguin
_c1981
942 _cBK
999 _c38549
_d38549